| 000 | 00865nam a2200265 a 4500 | ||
|---|---|---|---|
| 008 | |||
| 020 | _a0935702105 (pbk.) | ||
| 049 | _aMAIN | ||
| 090 |
_aQA275 _bTAY |
||
| 100 | 1 | _aTaylor, John R. | |
| 245 | 1 | 3 |
_aAn introduction to error analysis : _bthe study of uncertainties in physical measurements / _cJohn R. Taylor. |
| 260 |
_aMill Valley, Calif. : _bUniversity Science Books, _cc1982. |
||
| 300 |
_ax, 270 p. : _bill. ; _c24 cm. |
||
| 440 | 2 | _aA series of books in physics. | |
| 504 | _aIncludes bibliographical references. | ||
| 500 | _aIncludes index. | ||
| 650 | 0 | _aPhysical measurements. | |
| 650 | 0 | _aError analysis (Mathematics) | |
| 650 | 0 | _aMathematical physics. | |
| 907 |
_a.b10012023 _b20-03-12 _c17-04-03 |
||
| 003 | |||
| 005 | 20230123133126.0 | ||
| 040 | _cNUST | ||
| 942 |
_cBOOKS _kQA275 _mTAY |
||
| 999 |
_c143159 _d143159 |
||